| 000 | 006510000a22001810004500 | ||
|---|---|---|---|
| 003 | MACL | ||
| 005 | 20160527115659.0 | ||
| 008 | 160527b xxu||||| |||| 00| 0 eng d | ||
| 040 |
_aMACL _cMACL |
||
| 041 | _aHindi | ||
| 082 | _a891.433 | ||
| 100 |
_aवंघोपाध्याय, ताराशंकर _960031 |
||
| 245 |
_aविधाता और मनुष्य _cताराशंकर वंघोपाध्याय |
||
| 260 |
_bसर्वोदय साहित्य संस्थान _c2000 _aदिल्ली |
||
| 350 | _a150 | ||
| 650 |
_aNovel _960032 |
||
| 942 |
_cHIN _k891.433/VAN/N _2ddc |
||
| 999 |
_c17907 _d17907 |
||